000 02750nam2a22003851 4500
001 rc\724884
005 20250621230747.0
010 _a5-7150-0327-Х
_910000
035 _a(NLR Aleph) 005968112
090 _a6913867
_c6913867
100 _a20031121d1997 |||y0rusy50 ca
101 0 _arus
102 _aRU
105 _aa |||||||||
200 1 _aДевять рассказов
_aПовести
210 _d1997
_aБ. м.
215 _a479 с.
_cил.
300 _aНа 2 с. загл. и авт. ориг.: Seleeted works / D. Salinger
327 0 _aСодерж.: Рассказы: Хорошо ловится рыбка-бананка; Лапа-растяпа; Перед самой войной с эскимосами; Человек, который смеялся; В лодке; Дорогой Эсме с любовью - и всякой мерзостью: И эти губы, и глаза зеленые...; Голубой период де Домье-Смита; Тедди; Повести: Выше стропила, плотники и др.
461 0 _1001rc\136437
_12001#$aСочинения$eВ 2 т.$eПер. с англ.$fДж. Д. Сэлинджер$g[Редактор М.К. Тюнькина$gПримеч. А.М.Зверева$gХудож. М.Е. Квитка, О.Л. Квитка]$v2
_1700#1$aСэлинджер$bД.Д.$f1919-2010$gДжером Дейвид$f1919-2010$3RU\NLR\AUTH\774717
_96430885
_aСэлинджер, Д. Д. (1919-2010)
_cБелгород
_d1997-
_fДж. Д. Сэлинджер
_nФолио-транзит
_oВ 2 т. : Пер. с англ.
_tСочинения
_y5715003253
_v2
464 0 _12001#$aХорошо ловится рыбка-бананка
_tХорошо ловится рыбка-бананка
464 0 _12001#$aЛапа-растяпа
_tЛапа-растяпа
464 0 _12001#$aПеред самой войной с эскимосами
_tПеред самой войной с эскимосами
464 0 _12001#$aЧеловек, который смеялся
_tЧеловек, который смеялся
464 0 _12001#$aВ лодке
_tВ лодке
464 0 _12001#$aДорогой Эсме с любовью - и всякой мерзостью
_tДорогой Эсме с любовью - и всякой мерзостью
464 0 _12001#$aГолубой период де Домье-Смита
_tГолубой период де Домье-Смита
464 0 _12001#$aТедди
_tТедди
464 0 _12001#$aВыше стропила, плотники
_tВыше стропила, плотники
801 0 _aRU
_bNLR
_gpsbo
801 1 _aRU
_bELAR
_2rusmarc
852 _aNLR
_j97-3/4340
942 _cBOOK
980 _aNB